Filozofia

Salvato in:
Dettagli Bibliografici
Natura: Periodico
Lingua:slovacco
Pubblicazione: Bratislava Filozofický ústav SAV
Soggetti:
Tags: Aggiungi Tag
Nessun Tag, puoi essere il primo ad aggiungerne!!

MARC

LEADER 00000nas1a2200000 4500
001 s120050
005 20250701092132.8
022 |a 0046-385X 
022 |a 2585-7061 
041 0 |a slo 
044 |a SK 
245 1 0 |a Filozofia 
264 1 |a Bratislava  |b Filozofický ústav SAV 
500 |a Roč. 9, 10 (1953, 1955) pozri Filozofický časopis, Roč. 11 (1956) pozri Slovenský filozofický časopis, Roč. 16-20 (1961-1965) pozri Otázky marxist. filozofie 
610 2 0 |a filozofia